Vplyv (DISH) na priebeh reumatoidnej artritídy

Bibliographic Details
Main Authors: Žlnay, Daniel (Author), Schultz, P. (Author), Žľnay, M. (Author), Rovenský, Jozef, 1943-2024 (Author)
Corporate Author: Výročný zjazd českých a slovenských reumatológov (Author)
Format: Conference Proceeding Article
Language:Slovak
ISSN:1210-7905
Subjects:

MARC

LEADER 00000nab a2200000 a 4500
001 vtls000828363
003 SK-MaSNL
005 20260304201314.0
008 160324c2002 xo 0 slo
015 |a SNBRB2003/03-08447 
035 |a CLN000180018 
040 |a SNKBUCL  |b slo  |c SNKBUCL  |e AACR2 
041 0 |a slo 
044 |a xo  |c SK 
080 |a 616.72-002.77:616.71-002.28:061.3  |2 1997 
245 0 0 |a Vplyv (DISH) na priebeh reumatoidnej artritídy  |c D. Žľnay ... [et al.] 
650 0 7 |a reumatoidná artritída  |2 snkbucl  |9 28588 
650 0 7 |a hyperostóza idiopatická skeletárna difúzna  |x komplikácie  |2 snkbucl  |9 1533010 
650 0 7 |a choroby kĺbov  |2 snkbucl  |9 23751 
650 0 7 |a postup choroby  |2 snkbucl  |9 842146 
650 0 7 |a abstrakty z kongresu  |2 snkbucl  |9 168204 
655 7 |a články z novín a časopisov  |2 snkbucl  |9 267496 
700 1 |a Žlnay, Daniel  |4 aut  |9 6919 
700 1 |a Schultz, P.  |4 aut  |9 949340 
700 1 |a Žľnay, M.  |4 aut  |9 1174858 
700 1 |a Rovenský, Jozef,  |d 1943-2024  |4 aut  |9 189097 
711 2 |a Výročný zjazd českých a slovenských reumatológov  |n (46. :  |d 2002 :  |c Liberec, Česko)  |4 aut  |9 120279 
773 0 |x 1210-7905  |t Česká revmatologie  |g Roč. 10, č. 4 (2002), s. 184 
850 |a Slovenská národná knižnica v Martine 
852 |a SNK  |b KIS3GCP 
958 |a MI 
958 |a RBX 
999 |c 3094331  |d 3096261